000 006200000a22001810004500
003 MACL
005 20160608154401.0
008 160608b xxu||||| |||| 00| 0 eng d
040 _aMACL
_cMACL
041 _aHindi
082 _a954 GOS
100 _aघोष, पापिया
_963165
245 _aबिहार में सविन्‍य अवज्ञा आन्‍दोलन
_cपापिया घोष
260 _aनई दिल्‍ली
_bमानक पबिलकेशन्‍स
_c2011
350 _a650
650 _aइतिहास
_963166
942 _cHIN
_k954/GOS
_2ddc
999 _c46983
_d46983